100 Most Popular Baby Girl Names Starting with A in the UK, 2021 - Statistics

General Stats
  • This quiz has been taken 499 times
  • The average score is 42 of 100
Answer Stats
Name % Correct
Anna
98%
Alice
93%
Ava
92%
Amelia
89%
Ana
89%
Aria
87%
Amy
86%
Annie
84%
Alys
83%
Abigail
81%
Ada
80%
Annabel
77%
Arianna
75%
Alexandra
74%
Alicia
74%
Ariana
72%
Annabelle
71%
Amelie
67%
Angel
67%
Aaliyah
65%
Amber
65%
Audrey
65%
Alexis
64%
Arya
61%
Aurora
60%
Avery
60%
Alana
59%
Alyssa
58%
Ariya
56%
Ariyah
56%
Arabella
55%
Agnes
54%
April
54%
Aubrey
54%
Addison
51%
Adeline
51%
Alicja
50%
Amal
50%
Adelaide
49%
Anya
49%
Alina
47%
Ayla
47%
Adriana
46%
Aliya
46%
Athena
45%
Autumn
44%
Aliyah
42%
Amina
40%
Aubree
40%
Arielle
38%
Aisha
37%
Aleena
36%
Amara
36%
Amira
36%
Aurelia
36%
Alma
35%
Anastasia
35%
Astrid
35%
Aila
34%
Amaya
33%
Aminah
30%
Ariella
30%
Aya
30%
Antonia
29%
Ayesha
29%
Alisha
28%
Aiyla
27%
Ameera
27%
Amirah
27%
Amalia
26%
Amayah
26%
Alessia
24%
Anaya
24%
Ayah
22%
Anais
19%
Aoife
19%
Alaya
18%
Arla
18%
Alayna
17%
Alba
17%
Alaia
16%
Anayah
16%
Ayda
16%
Aida
15%
Alayah
12%
Alara
11%
Ava-Rose
11%
Amelia-Rose
10%
Ava-Mae
10%
Ayra
8%
Amiyah
7%
Aayat
6%
Aliza
6%
Ava-Grace
6%
Ayat
6%
Aiza
3%
Aqsa
2%
Aizah
1%
Arwa
0%
Ayzal
0%
No matching quizzes found
Score Distribution
Percent of People with Each Score
Percentile by Number Answered
Your Score History
You have not taken this quiz